| 000 | 00486 a2200157 4500 | ||
|---|---|---|---|
| 020 | _a 0007119356 | ||
| 082 | _a823.912 | ||
| 090 |
_c1052 _d1052 |
||
| 100 | _aChristie, Agatha. | ||
| 245 |
_aAppointment with death _cAgatha Christie |
||
| 260 |
_aLondon:, _bHarper Collins Publishers _c1938. |
||
| 300 |
_a303 p. ; _b19 cm. |
||
| 500 | _aIncludes Index | ||
| 650 | _a.Poirot, Hercule (Fictitious character) --Fiction.2.Private investigators --England --Fiction. | ||
| 942 |
_cBK _k823.912 CHR |
||
| 999 |
_c5015 _d5015 |
||